A phase I archaeological survey of the proposed Wellborn Special Utility District Number 2001 Project in central Brazos County, Texas /

Bibliographic Details
Main Author: Moore, William E., 1943-
Corporate Author: Brazos Valley Research Associates
Format: Book
Language:English
Published: Bryan, Tex. : The Associates, [2001]
Series:Contract reports (Brazos Valley Research Associates) ; no. 80.
Subjects:

MARC

Tag First Indicator Second Indicator Subfields
LEADER 00000cam a2200000Ia 4500
001 in00001697021
005 20151024145852.0
008 020227s2001 txub b 000 0 eng d
035 |a (OCoLC)ocm49211967 
040 |a TXK  |c TXK  |d TXA  |d UtOrBLW 
049 |a TXAM 
090 |a F392.B84  |b M73 2001x 
100 1 |a Moore, William E.,  |d 1943- 
245 1 2 |a A phase I archaeological survey of the proposed Wellborn Special Utility District Number 2001 Project in central Brazos County, Texas /  |c principal investigator, William E. Moore ; prepared for Special Utilities District, Wellborn, Texas ; by Brazos Valley Research Associates. 
264 1 |a Bryan, Tex. :  |b The Associates,  |c [2001] 
300 |a iv, 7 leaves :  |b maps ;  |c 28 cm. 
336 |a text  |b txt  |2 rdacontent 
337 |a unmediated  |b n  |2 rdamedia 
338 |a volume  |b nc  |2 rdacarrier 
490 1 |a Contract report / Brazos Valley Research Associates ;  |v no. 80 
500 |a Texas Antiquities [Committee] permit number 2522. 
500 |a "Brazos Valley Research Associates project number 01-01." 
504 |a Includes bibliographical references (leaf 6). 
650 0 |a Archaeological surveying  |z Texas  |z Brazos County. 
650 0 |a Excavations (Archaeology)  |z Texas  |z Brazos County. 
651 0 |a Brazos County (Tex.) 
710 2 |a Brazos Valley Research Associates. 
830 0 |a Contract reports (Brazos Valley Research Associates) ;  |v no. 80. 
994 |a E0  |b TXA 
948 |a cataloged  |b h  |c 2002/08/27  |e avega  |f 10:12:37 am 
999 |a MARS 
999 f f |s 793c5027-72a9-3562-874b-66fb13fb672c  |i e3048d1d-7496-30ff-9093-377069949e06  |t 0 
952 f f |p normal  |a Texas A&M University  |b College Station  |c Sterling C. Evans Library  |d Evans: Texas Documents (Annex 5th floor)  |t 0  |e A1900.7 P422 NO.2522  |h Superintendent of Documents classification  |i unmediated -- volume  |m A14829060121 
998 f f |a A1900.7 P422 NO.2522  |t 0  |l Evans: Texas Documents (Annex 5th floor)